The art of loving / (Record no. 288443)
[ view plain ]
| 000 -LEADER | |
|---|---|
| fixed length control field | 00510nam a22001810 4500 |
| 003 - CONTROL NUMBER IDENTIFIER | |
| control field | PILC |
| 005 - DATE AND TIME OF LATEST TRANSACTION | |
| control field | 20150824101330.0 |
| 008 - FIXED-LENGTH DATA ELEMENTS--GENERAL INFORMATION | |
| fixed length control field | 991018s1963 eng |
| 050 00 - LIBRARY OF CONGRESS CALL NUMBER | |
| Classification number | HQ 33 |
| Item number | .F76 1962 |
| 100 1# - MAIN ENTRY--PERSONAL NAME | |
| Personal name | Fromm, Erich, |
| Dates associated with a name | 1900- |
| 245 14 - TITLE STATEMENT | |
| Title | The art of loving / |
| Statement of responsibility, etc | by Erich Fromm. |
| 260 ## - PUBLICATION, DISTRIBUTION, ETC. (IMPRINT) | |
| Place of publication, distribution, etc | New York : |
| Name of publisher, distributor, etc | Harper & Row, |
| Date of publication, distribution, etc | 1956. |
| 300 ## - PHYSICAL DESCRIPTION | |
| Extent | viii, 146 pages ; |
| Dimensions | 18 cm. |
| 490 0# - SERIES STATEMENT | |
| Series statement | World perspective series ; |
| Volume number/sequential designation | v. 9. |
| 490 0# - SERIES STATEMENT | |
| Series statement | Harper colophon books. |
| 650 #0 - SUBJECT ADDED ENTRY--TOPICAL TERM | |
| Topical term or geographic name as entry element | Love. |
| 942 ## - ADDED ENTRY ELEMENTS (KOHA) | |
| Source of classification or shelving scheme | Library of Congress Classification |
| Koha item type | Books |
| Call number prefix | Foreign |
| Withdrawn status | Lost status | Source of classification or shelving scheme | Damaged status | Home library | Current library | Shelving location | Date acquired | Source of acquisition | Sub Shelving location | Total Checkouts | Total Renewals | Full call number | Barcode | Date last seen | Date checked out | Price effective from | Koha item type |
|---|---|---|---|---|---|---|---|---|---|---|---|---|---|---|---|---|---|
| Library of Congress Classification | College Library | College Library | Fiction Section | 08/24/2015 | Donation | 4 | 15 | HQ 33 .F76 1962 | C19736 | 01/17/2025 | 01/06/2025 | 08/24/2015 | Books |